Courtship Journal and Keepsake

Gorde:
Xehetasun bibliografikoak
Egile nagusia: Richardson, Joyce
Formatua: Liburua
Argitaratua: WestBow Press
Etiketak: Etiketa erantsi
Etiketarik gabe, Izan zaitez lehena erregistro honi etiketa jartzen!
LEADER 00765cam a22001937a 4500
001 (Sirsi) i9781449793142
005 20190330165526.0
008 190219n xx ||||||||||||||||| |d
020 |a 9781449793142 
040 |a SMLIBRARY  |b eng  |c SMLIBRARY  |e AACR2 
100 |a Richardson, Joyce 
245 1 |a Courtship Journal and Keepsake 
260 |b WestBow Press 
901 |a 177.72882 RICHARDSON  |i TEMP000154  |m SMLIBRARY  |l ADULT  |t BOOK  |p 84.15  |x ADULT  |z ANFIC  |u 22/11/2013 
903 |a SMLNEWITEM 
904 |a 1 
942 |2 ddc  |c BOOK 
952 |0 1  |1 0  |2 ddc  |4 0  |6 177_728820000000000_RICHARDSON  |7 0  |8 ADULT | ANFIC  |9 40934  |a SMLIBRARY  |b SMLIBRARY  |c ADULT  |d 2013-11-22  |g 84.15  |l 0  |o 177.72882 RICHARDSON  |p BK10025225F  |r 2019-03-30 00:00:00  |t 1  |v 84.15  |w 2019-06-25  |y ADULTBOOK 
999 |c 35043  |d 35043